| 000 | 02123nam0a22003971 4500 | ||
|---|---|---|---|
| 001 | rc\2229620 | ||
| 005 | 20200911141801.0 | ||
| 035 | _a(NLR Aleph) 006544783 | ||
| 090 |
_a6675582 _c6675582 |
||
| 100 | _a20110826d1978 |||y0rusy50 ca | ||
| 101 | 0 | _arus | |
| 102 | _aRU | ||
| 105 | _aa z ||||| | ||
| 200 | 1 |
_aСерная промышленность капиталистических и развивающихся стран _f[Сост. А.И. Тимченко, В.М. Рабиновичем, Г.К. Семиной] |
|
| 210 |
_aМосква _cНИИТЭхим _d1978 |
||
| 215 |
_a49 с. _cил. _d20 |
||
| 225 | 1 |
_aОбзорная информация _fНИИ техн.-экон. исслед. НИИТЭхим _iСерия "Сера и серная промышленность" |
|
| 300 | _aСост. указаны на 2-й с. обл. | ||
| 300 | _aВ надзаг.: Всесоюз. н.-и. и проект. ин-т сер. пром-сти | ||
| 320 | _aБиблиогр.: с. 46-47 (33 назв.) | ||
| 606 |
_aСернокислотная промышленность _jОбзоры литературы информационные _xРазвивающиеся страны _2psbo |
||
| 606 |
_aСернокислотная промышленность _jОбзоры литературы информационные _xКапиталистические страны- _2psbo |
||
| 686 |
_aУ730.605.110-04 _2rubbk |
||
| 686 |
_aУ830.605.110-04 _2rubbk |
||
| 700 | 1 |
_aТимченко _bА. И. _gАлександр Иванович |
|
| 701 | 1 |
_aРабинович _bВ. М. _cспециалист в области хим. пром-сти _gВиктор Моисеевич _3RU\NLR\AUTH\770220602 |
|
| 701 | 1 |
_aСемина _bГ. К. _gГалина Константиновна |
|
| 712 | 0 | 2 | _aНИИ техн.-экон. исследований М-ва хим. пром-сти СССР |
| 801 | 0 |
_aRU _bNLR _gpsbo |
|
| 801 | 1 |
_aRU _bELAR _2rusmarc |
|
| 852 |
_aNLR _j79-4/3021 |
||
| 899 |
_aRuMoRGB _jБ 78-56/2702 |
||
| 899 |
_aRuMoRGB _jБ 78-56/2703 |
||
| 942 | _cBOOK | ||
| 980 | _aNB | ||